<?xml version="1.0" encoding="UTF-8"?>
<record
    xmlns:xsi="http://www.w3.org/2001/XMLSchema-instance"
    xsi:schemaLocation="http://www.loc.gov/MARC21/slim http://www.loc.gov/standards/marcxml/schema/MARC21slim.xsd"
    xmlns="http://www.loc.gov/MARC21/slim">

  <leader>00785cam a22002531  4500</leader>
  <controlfield tag="001">sa 67001889 </controlfield>
  <controlfield tag="003">DLC</controlfield>
  <controlfield tag="005">20260227112326.0</controlfield>
  <controlfield tag="008">870305s1962    ii ac    b    000 0bhin  </controlfield>
  <datafield tag="010" ind1=" " ind2=" ">
    <subfield code="a">sa 67001889 </subfield>
  </datafield>
  <datafield tag="035" ind1=" " ind2=" ">
    <subfield code="a">(OCoLC)15276031</subfield>
  </datafield>
  <datafield tag="040" ind1=" " ind2=" ">
    <subfield code="a">DLC</subfield>
    <subfield code="c">NRU</subfield>
    <subfield code="d">NRU</subfield>
    <subfield code="d">DLC</subfield>
  </datafield>
  <datafield tag="042" ind1=" " ind2=" ">
    <subfield code="a">premarc</subfield>
  </datafield>
  <datafield tag="043" ind1=" " ind2=" ">
    <subfield code="a">a-ii---</subfield>
  </datafield>
  <datafield tag="050" ind1="0" ind2="0">
    <subfield code="a">DS478</subfield>
    <subfield code="b">.J48</subfield>
  </datafield>
  <datafield tag="100" ind1="1" ind2=" ">
    <subfield code="a">Jha, Kamal Narain,</subfield>
    <subfield code="d">1909-</subfield>
  </datafield>
  <datafield tag="245" ind1="1" ind2="0">
    <subfield code="a">N&#x101;n&#x101; S&#x101;haba.</subfield>
    <subfield code="c">[Lekhaka] Kamalan&#x101;r&#x101;ya&#x1E47;a Jha 'Kamlesa'. Prakkathana-lekhaka SriGa&#x1E45;gananda Si&#x1E45;gha.</subfield>
  </datafield>
  <datafield tag="260" ind1=" " ind2=" ">
    <subfield code="a">Patan&#x101;,</subfield>
    <subfield code="b">J&#xF1;&#x101;napitha</subfield>
    <subfield code="c">[1962]</subfield>
  </datafield>
  <datafield tag="300" ind1=" " ind2=" ">
    <subfield code="a">18, 135, iv p.</subfield>
    <subfield code="b">illus., ports.</subfield>
    <subfield code="c">19 cm.</subfield>
  </datafield>
  <datafield tag="500" ind1=" " ind2=" ">
    <subfield code="a">In Hindi.</subfield>
  </datafield>
  <datafield tag="504" ind1=" " ind2=" ">
    <subfield code="a">Bibliography: p. [i]-iv.</subfield>
  </datafield>
  <datafield tag="600" ind1="0" ind2="0">
    <subfield code="a">Nana Sahib,</subfield>
    <subfield code="d">1820?-1859?</subfield>
  </datafield>
  <datafield tag="651" ind1=" " ind2="0">
    <subfield code="a">India</subfield>
    <subfield code="x">History</subfield>
    <subfield code="y">Sepoy Rebellion, 1857-1858.</subfield>
  </datafield>
  <datafield tag="999" ind1=" " ind2=" ">
    <subfield code="c">72910</subfield>
    <subfield code="d">72910</subfield>
  </datafield>
</record>
